[Event "Werner-Ott-Open 2012"]
[Site "Berlin GER"]
[Date "2012.07.15"]
[Round "9.21"]
[White "Pott,S"]
[Black "Schildt,R"]
[Result "0-1"]
[WhiteElo "1920"]
[BlackElo "2038"]

1.e4 d5 2.exd5 Qxd5 3.Nc3 Qd6 4.Nf3 Nf6 5.d4 a6 6.h3 b5 7.Be3 Bb7 8.Bd3 e6
9.O-O Nbd7 10.Re1 Be7 11.Ng5 O-O 12.Nge4 Qc6 13.Qf3 Kh8 14.a3 Nb6 15.Rac1 Nc4
16.Nxf6 Qxf3 17.gxf3 gxf6 18.Be4 Bxe4 19.Nxe4 Nxb2 20.Ra1 Nc4 21.a4 f5 22.Nc5 Bxc5
23.dxc5 Nxe3 24.Rxe3 bxa4 25.Rxa4 Rfd8 26.Rea3 Rd5 27.Rc3 a5 28.f4 Kg7 29.Kg2 Kf6
30.Kf3 Ke7 31.Ke2 Kd7 32.Rcc4 Kc6 33.Ra3 Rxc5 34.Kd3 Kb6 35.Rb3+ Kc6 36.Ra3 Rxc4
37.Kxc4 a4 38.h4 h5 39.Rc3 Kb6 40.Ra3 c5 41.Ra1 a3 42.Rb1+ Kc6 43.Ra1 Ra4+
44.Kb3 Rxf4 45.Rxa3 Rxf2 46.Ra7 Rf4 47.Rxf7 Rxh4 48.Rf8 c4+ 49.Kc3 Kd5 50.Rd8+ Ke5
51.Kb4 Rg4 52.c3 h4 53.Kc5 Re4 54.Rh8 Kf6 55.Kd6 Kg5 56.Rg8+ Kf4 57.Kc5 h3
58.Rh8 Kg3 59.Rg8+ Rg4  0-1

[Event "16th Battle of Senta Open A"]
[Site "Senta SRB"]
[Date "2012.07.15"]
[Round "3.5"]
[White "Nadj Hedjesi,B"]
[Black "Cabarkapa,N"]
[Result "1/2-1/2"]
[WhiteElo "2381"]
[BlackElo "2254"]

1.e4 d5 2.exd5 Qxd5 3.Nc3 Qd6 4.d4 Nf6 5.Nb5 Qb6 6.c4 c6 7.Nc3 g6 8.Be2 Bg7
9.Nf3 O-O 10.Qb3 Bf5 11.Qxb6 axb6 12.O-O Na6 13.h3 h5 14.Bf4 Ne4 15.Na4 Nb4
16.Nxb6 Ra6 17.c5 Rxa2 18.Rxa2 Nxa2 19.Ra1 Nb4 20.Ra4 Nd5 21.Nxd5 cxd5 22.Ra7 Bc8
23.b4 f6 24.Bd3 g5 25.Bc7 g4 26.hxg4 hxg4 27.Bxe4 dxe4 28.Nd2 f5 29.Be5 Bh6
30.Nf1 f4 31.Ra8 g3 32.fxg3 e3 33.Ra2 Be6 34.Ra1 e2 35.gxf4  1/2-1/2

[Event "FSIM July 2012"]
[Site "Budapest HUN"]
[Date "2012.07.16"]
[Round "10.3"]
[White "Szalanczy,E"]
[Black "Szeberenyi,A"]
[Result "0-1"]
[WhiteElo "2272"]
[BlackElo "2325"]

1.e4 d5 2.exd5 Qxd5 3.Nc3 Qd6 4.d4 Nf6 5.Nf3 a6 6.Be3 b5 7.Bd3 Bb7 8.Qd2 e6
9.Bf4 Qb6 10.a4 b4 11.Ne2 c5 12.a5 Qd8 13.Ne5 Nc6 14.Nc4 cxd4 15.O-O Be7
16.Ng3 O-O 17.Rfe1 b3 18.Bg5 Bb4 19.Qf4 Bxe1 20.Rxe1 Nb4 21.Nb6 bxc2 22.Bxh7+ Kxh7
23.Qh4+ Kg8 24.Nh5 Nxh5 25.Bxd8 Raxd8 26.Nc4 Nd3 27.Ra1 Nhf4 28.g3 c1=Q+
29.Rxc1 Ne2+ 30.Kf1 Ndxc1 31.Qe7 Bd5 32.Nd2 d3 33.Ke1 Nd4 34.h4 Ncb3 35.h5 Nf3+
36.Kd1 Rc8 37.Nc4 Rxc4  0-1

[Event "Corporation Centre Cup A"]
[Site "Izhevsk RUS"]
[Date "2012.07.16"]
[Round "2"]
[White "Fatkhutdinov,G"]
[Black "Kovalenko,I"]
[Result "0-1"]
[WhiteElo "2354"]
[BlackElo "2556"]

1.e4 d5 2.exd5 Qxd5 3.Nc3 Qd6 4.d4 Nf6 5.Bd3 Nc6 6.Nge2 Nb4 7.Bf4 Qd8 8.a3 Nxd3+
9.Qxd3 c6 10.O-O-O e6 11.h4 b5 12.Be5 b4 13.axb4 Bxb4 14.h5 h6 15.Ne4 Qa5
16.c3 Be7 17.Qf3 Qa1+ 18.Kc2 Qa4+ 19.Kd2 Nxe4+ 20.Qxe4 Qb5 21.Ke1 O-O 22.Rh3 f6
23.Bf4 Rf7 24.Bc1 Ba6 25.Rd2 Qd5 26.Qxd5 exd5 27.Re3 Bd6 28.b4 Bc4 29.Rb2 Rd7
30.Kd1 Kf7 31.Ng3 Bxg3 32.Rxg3 Re8 33.Re3 Re4 34.g3 Rb7 35.Kc2 Ke6 36.Rb1 Kf5
37.Ra1 Rxe3 38.Bxe3 Kg4 39.Rh1 a6 40.Kd2 Kf3 41.Rg1 Kg4 42.Rh1 Ra7 43.Bf4 Kf3
44.Re1 Kxf2 45.Re6 Bb5 46.c4 Bxc4 47.Rxc6 Re7 48.Rc7 Rxc7 49.Bxc7 Be2 50.Bd6 Bxh5
51.Bf8 g6 52.Bxh6 Kxg3 53.Ke3 g5  0-1

[Event "Turkish Bank Chess League 2012"]
[Site "Konya TUR"]
[Date "2012.07.16"]
[Round "6"]
[White "Gurcan,A"]
[Black "Mutlu,Beste"]
[Result "1/2-1/2"]
[WhiteElo "1657"]
[BlackElo "1640"]

1.e4 d5 2.exd5 Qxd5 3.Nc3 Qd6 4.d4 c6 5.Nf3 Bg4 6.Be3 Nf6 7.h3 Bh5 8.g4 Bg6
9.Ne5 Nd5 10.Nxg6 hxg6 11.Qd2 Nxe3 12.fxe3 Qg3+ 13.Qf2 Qxf2+ 14.Kxf2 Nd7
15.Bc4 Nb6 16.Bd3 e6 17.Kg2 Be7 18.Rhf1 O-O 19.Rf3 Nd5 20.Nxd5 exd5 21.Raf1 Rae8
22.h4 c5 23.c4 Bxh4 24.dxc5 dxc4 25.Bxc4 Re7 26.Rh1 g5 27.Rd1 g6 28.Kh3 Kg7
29.Rdf1 Rd7 30.Rf6 Re7 31.R6f3 Rd7 32.e4 Re7 33.Bd5 f6 34.Ra3 a6 35.Rb3 Rc8
36.Rb6 Rxc5 37.Rfxf6 Rc6 38.Bxc6 Kxf6 39.Bxb7+ Kg7 40.Bd5 a5 41.Kg2 Rc7 42.Kf3 Rc2
43.Rb7+ Kf8 44.Ke3 Rf2 45.Kd4 Bg3 46.b4 axb4 47.Rxb4 Rd2+ 48.Ke3 Bf4+ 49.Kf3 Rd3+
50.Ke2 Rd2+ 51.Kf3 Rd3+  1/2-1/2

[Event "16th Battle of Senta Open A"]
[Site "Senta SRB"]
[Date "2012.07.16"]
[Round "4.15"]
[White "Agoston,Ar"]
[Black "Saric,S"]
[Result "1-0"]
[WhiteElo "2086"]
[BlackElo "2462"]

1.e4 d5 2.exd5 Qxd5 3.Nc3 Qd6 4.d4 Nf6 5.Bc4 Bg4 6.f3 Bf5 7.Nge2 Nc6 8.Bf4 e5
9.dxe5 Nxe5 10.Bb3 O-O-O 11.Qxd6 Bxd6 12.O-O-O Nfd7 13.Nb5 Bc5 14.Ng3 Bg6
15.Rhe1 Rhe8 16.Ne4 Bxe4 17.Rxe4 f5 18.Ree1 c6 19.Bxe5 Nxe5 20.Rxd8+ Kxd8
21.Rd1+ Ke7 22.Nc7 Be3+ 23.Kb1 Rc8 24.Ne6 Kf6 25.f4 Nf7 26.Re1 Re8 27.Rxe3 Nd8
28.Rd3 Nxe6 29.Rd6 Re7 30.a4 a5 31.Ka2 Re8 32.Ka3 h6 33.h4 g5 34.hxg5+ hxg5
35.g3 Re7 36.Bc4 gxf4 37.gxf4 Kf7 38.b4 axb4+ 39.Kxb4 Re8 40.Ka5 Ra8+ 41.Kb4 Re8
42.Bb3 Re7 43.Ka5 b5 44.Bxe6+ Kf6 45.Bc8+ Kf7 46.Rd7 bxa4 47.Kxa4  1-0

[Event "ch-PHI Grand Final 2012"]
[Site "Boracay PHI"]
[Date "2012.07.17"]
[Round "4.5"]
[White "Mejia,Giovanni"]
[Black "Laylo,D"]
[Result "1/2-1/2"]
[WhiteElo "1932"]
[BlackElo "2489"]

1.e4 d5 2.exd5 Qxd5 3.Nc3 Qd6 4.d4 Nf6 5.Nf3 c6 6.Ne5 Nbd7 7.f4 g6 8.Bc4 e6
9.g4 Nb6 10.Bb3 Nbd5 11.g5 Nxc3 12.bxc3 Nd7 13.a4 c5 14.a5 cxd4 15.cxd4 Qb4+
16.Kf2 Nxe5 17.fxe5 Bd7 18.c4 Qc3 19.Be3 h6 20.Qc2 Qxc2+ 21.Bxc2 Bc6 22.Ba4 hxg5
23.Kg3 Rh4 24.Bxc6+ bxc6 25.c5 Be7 26.Rab1 g4 27.h3 Rxh3+ 28.Rxh3 gxh3 29.Kxh3 O-O-O
30.a6 f5 31.exf6 Bxf6 32.Bf4 Rxd4 33.Rb8+ Kd7 34.Rb7+ Ke8 35.Bd6 Ra4 36.Rxa7 e5
37.Ra8+ Kf7 38.a7 Bg7 39.Kg3 e4 40.Bf4 Ra3+ 41.Kg4 g5 42.Bxg5 Bf8 43.Be3 Be7
44.Kf4 Rxe3 45.Rf8+ Bxf8 46.a8=Q Rf3+ 47.Kxe4 Rf6 48.Qa2+ Kg7 49.Kd4 Kh7
50.Qh2+ Kg8 51.Kc4 Rf5 52.Qg2+ Kf7  1/2-1/2

[Event "Sparkassen Open A"]
[Site "Dortmund GER"]
[Date "2012.07.17"]
[Round "4.21"]
[White "Niekrens,S"]
[Black "Schiefelbusch,D"]
[Result "1/2-1/2"]
[WhiteElo "1996"]
[BlackElo "2109"]

1.e4 d5 2.exd5 Qxd5 3.Nc3 Qd6 4.g3 Nf6 5.Bg2 Bg4 6.Nge2 c6 7.O-O e6 8.h3 Bh5
9.b4 Be7 10.Rb1 a6 11.a4 O-O 12.d3 Nbd7 13.g4 Bg6 14.Bf4 e5 15.Bh2 Qc7 16.b5 axb5
17.axb5 Rfd8 18.bxc6 bxc6 19.Nd4 Ra6 20.Qf3 Rc8 21.Nf5 Bf8 22.g5 Nd5  1/2-1/2

[Event "Corporation Centre Cup A"]
[Site "Izhevsk RUS"]
[Date "2012.07.17"]
[Round "3"]
[White "Karavaeva,N"]
[Black "Kniazev,I"]
[Result "1/2-1/2"]
[WhiteElo "2027"]
[BlackElo "2194"]

1.e4 d5 2.exd5 Qxd5 3.Nc3 Qd6 4.d4 c6 5.Nf3 Nf6 6.Bg5 Bg4 7.Be2 Nbd7 8.Qd2 e6
9.O-O-O Nd5 10.Rhe1 h6 11.Nxd5 cxd5 12.Bf4 Qb6 13.h3 Bf5 14.Bd3 Bb4 15.c3 Bxd3
16.Qxd3 Rc8 17.Ne5 Nxe5 18.Bxe5 O-O 19.Re3 f6 20.Bf4 f5 21.Rg3 Kh7 22.Be5 Rf7
23.h4 g6 24.Rf3 Be7 25.Rh1 h5 26.Rf4 Bf8 27.Kc2 Bh6 28.Rf3 Qc6 29.Bf4 Bf8
30.Bg5 b5 31.Kb1 b4 32.cxb4 Qb6 33.a3 Rc4 34.Be3 Bg7 35.Rc1 Rxc1+ 36.Kxc1 Rc7+
37.Kb1 a5 38.bxa5 Qxa5 39.Bd2 Qb6 40.Bc3 Rc4 41.g3 Kg8 42.Qd2 Bxd4 43.Bxd4 Qxd4
44.Qxd4 Rxd4 45.Kc2 Kf7 46.b4 Rc4+ 47.Kb3 Ke7 48.Re3 f4 49.Rc3 fxg3 50.fxg3 Rxc3+
51.Kxc3 Kd6 52.a4 e5  1/2-1/2

[Event "5th Paleochora Open"]
[Site "Paleochora GRE"]
[Date "2012.07.17"]
[Round "2.13"]
[White "Petrov,Marij"]
[Black "Fruteau,S"]
[Result "1-0"]
[WhiteElo "2522"]
[BlackElo "2100"]

1.e4 d5 2.exd5 Qxd5 3.Nc3 Qd6 4.d4 Nf6 5.Nf3 a6 6.a3 b5 7.Ne5 Bb7 8.Bf4 Qb6
9.a4 b4 10.a5 Qe6 11.Bc4 Nd5 12.Nxd5 Bxd5 13.Bxd5 Qxd5 14.O-O e6 15.c4 bxc3
16.bxc3 Bd6 17.Re1 O-O 18.c4 Qb7 19.Rb1 Qc8 20.Qf3 Bxe5 21.Bxe5 Nd7 22.Bf4 c6
23.Bd6 Re8 24.g4 c5 25.dxc5 Nxc5 26.Rb6 Nd7 27.Rb7 e5 28.Qd5 e4 29.Bg3 Re7
30.Rc7  1-0

[Event "6th Varna Open"]
[Site "Varna BUL"]
[Date "2012.07.17"]
[Round "6.8"]
[White "Janachkov,A"]
[Black "Panbukchian,V"]
[Result "1/2-1/2"]
[WhiteElo "2193"]
[BlackElo "2347"]

1.e4 d5 2.exd5 Qxd5 3.Nc3 Qd6 4.d4 Nf6 5.Nf3 a6 6.g3 Bg4 7.Bg2 Nc6 8.O-O O-O-O
9.d5 Nb4 10.Bf4 Qc5 11.Be3 Qc4 12.Ne5 Bxd1 13.Rfxd1 Qg4 14.Nxg4 Nxg4 15.Bh3 f5
16.Bxg4 fxg4 17.Bc5 e6 18.Bxb4 Bxb4 19.dxe6 Bxc3 20.bxc3 Rd6 21.Rd4 Rxe6
22.Rxg4 g6 23.Rf4  1/2-1/2

[Event "Turkish Bank Chess League 2012"]
[Site "Konya TUR"]
[Date "2012.07.18"]
[Round "8"]
[White "Sanal,S"]
[Black "Dincok,G"]
[Result "1/2-1/2"]
[WhiteElo "1777"]
[BlackElo "1835"]

1.e4 d5 2.exd5 Qxd5 3.Nc3 Qd6 4.d4 Nf6 5.Nf3 a6 6.g3 Bg4 7.h3 Bh5 8.Bg2 Nc6
9.Bf4 Qb4 10.O-O O-O-O 11.d5 e5 12.Qe1 Bxf3 13.dxc6 Bxg2 14.Qxe5 Bd6 15.Qf5+ Kb8
16.Bxd6 Qxd6 17.Kxg2 Qxc6+ 18.Kg1 g6 19.Qf4 h5 20.Rad1 Qe6 21.Kh2 Rdg8 22.Rfe1 Qc6
23.Ne4 Nxe4 24.Qxe4 Qb6 25.Qf3 h4 26.Qe3 hxg3+ 27.fxg3 Qc6 28.Qe4 Qxe4 29.Rxe4 Rd8
30.Rxd8+ Rxd8 31.Re2 Kc8 32.Kg2 b6 33.Kf3 Rd7 34.h4 Rd5 35.g4 Kd7 36.b3 a5
37.a4 Kd6 38.Rh2 f5  1/2-1/2

[Event "23rd Czech Open Rapid"]
[Site "Pardubice CZE"]
[Date "2012.07.18"]
[Round "2.15"]
[White "Mudrak,J"]
[Black "Hasangatin,R"]
[Result "0-1"]
[WhiteElo "2317"]
[BlackElo "2504"]

1.e4 d5 2.exd5 Qxd5 3.Nc3 Qd6 4.d4 c6 5.Bc4 Nf6 6.Nge2 Bf5 7.Bb3 e6 8.O-O Qc7
9.Bf4 Bd6 10.Qd2 O-O 11.Rfe1 Bxf4 12.Qxf4 Qxf4 13.Nxf4 Nbd7 14.h4 Rad8 15.f3 h5
16.Rad1 Rfe8 17.a4 a5 18.Ne4 Bxe4 19.fxe4 e5 20.Ng6 Ng4 21.Rf1 Ndf6 22.dxe5 Rxd1
23.Rxd1 Nxe5 24.Nxe5 Rxe5 25.Rd8+ Kh7 26.Rb8 Re7 27.Ra8 Nxe4 28.Rxa5 g6 29.Ra7 Nd6
30.Kf1 Kg7 31.c3 Kf6 32.a5 Nf5 33.a6 bxa6 34.Rxa6 Rb7 35.Rxc6+ Kg7 36.Bc4 Rxb2
37.Rc7 Ne3+ 38.Kg1 Rxg2+ 39.Kh1 Rf2 40.Bb3 Rf4 41.Kg1 Ng4 42.c4 Ne5 43.c5 Rb4
44.Bd5 Rd4 45.Bb3 Rxh4 46.c6 Rb4 47.Ba2 Rb2 48.Bd5 Rc2 49.Be4 Rc4 50.Bd5 Rc5
51.Be4 Kf6 52.Kf2 Ke6 53.Ke3 Kd6 54.Ra7 f5 55.Bh1 Rc1 56.Bg2 Rc3+ 57.Kf4 Rc4+
58.Ke3 f4+ 59.Kf2 f3  0-1

[Event "XXI TCh-MKD 2012"]
[Site "Struga MKD"]
[Date "2012.07.18"]
[Round "3.1"]
[White "Nedev,Tr"]
[Black "Ermenkov,Evgenij"]
[Result "1/2-1/2"]
[WhiteElo "2494"]
[BlackElo "2431"]

1.e4 d5 2.exd5 Qxd5 3.Nc3 Qd8 4.d4 Nf6 5.Nf3 Bg4 6.h3 Bxf3 7.Qxf3 c6 8.Be3 e6
9.Bd3 Bb4 10.O-O Nbd7 11.Ne2 O-O 12.Ng3 Re8 13.Rad1 Bf8 14.c4 Qc7 15.Rfe1 Rad8
16.Ne4 Nxe4 17.Bxe4 Nf6 18.Bb1 Qa5 19.g4 Be7 20.a3 g6 21.Bd2 Qa4 22.Ba2 Rxd4
23.Bb3 Qa6 24.Bc3 Rxd1 25.Rxd1 e5 26.Bxe5 c5 27.Re1 Bf8 28.Ba4 Re6 29.Bb5 Qb6
30.Qc3 a6 31.Ba4 g5 32.Bc2 Bg7 33.Bf5 Re7 34.Qd2 h6 35.Bc3 Rxe1+ 36.Qxe1 Qd8
37.Qe3 b6 38.Qf3 a5 39.Qc6 Ne8 40.Bxg7 Kxg7 41.Be4 Qd1+ 42.Kg2 Nf6 43.Bd5 Qd4
44.Qb7 Nxd5 45.cxd5 c4 46.Qc6 Qe4+ 47.Kg3 a4 48.Qxb6 Qe5+ 49.Kg2 Qxd5+ 50.Kg3 Qe5+
51.Kg2 Qe4+ 52.Kg3  1/2-1/2

[Event "11th Condom IM 2012"]
[Site "Condom FRA"]
[Date "2012.07.19"]
[Round "7.1"]
[White "Van Elst,A"]
[Black "Ardelean,Ge"]
[Result "1/2-1/2"]
[WhiteElo "2300"]
[BlackElo "2510"]

1.e4 d5 2.exd5 Qxd5 3.Nc3 Qd6 4.d4 Nf6 5.Bd3 Nc6 6.Nge2 e5 7.O-O Bg4 8.Nb5 Qe7
9.f3 Bh5 10.c4 O-O-O 11.d5 Qc5+ 12.Kh1 Bg6 13.Bxg6 hxg6 14.Qa4 Nb4 15.Nxa7+ Kb8
16.Nb5 Qxc4 17.d6 Bxd6 18.Qa7+ Kc8 19.Nxd6+ cxd6 20.Bd2 Nc6 21.Rfc1 Nxa7
22.Rxc4+ Kd7 23.Rb4 Rb8 24.Rd1 Ke6 25.Bg5 Nd5 26.Rb3 Nc7 27.Nc3 Rhc8 28.Be3 Nc6
29.Bb6 f5 30.a4 Ne8 31.h3 Ra8 32.Rb5 Nf6 33.Be3 Rc7 34.g4 f4 35.Bb6 Rd7 36.g5 Ne8
37.b3 Ne7 38.Ne4 Rc8 39.Rd2 Nf5 40.Rbd5 Nd4 41.R5xd4 exd4 42.Rxd4 Rc2 43.Nf2 Rf7
44.Nd3 Rf5 45.h4 d5 46.b4 Rc4 47.Nc5+ Kd6 48.Nxb7+ Kc6 49.Na5+ Kxb6 50.Nxc4+ dxc4
51.Rxc4 Rf7 52.Kh2 Nc7 53.Kh3 Nd5 54.Re4 Kc7 55.Re6 Nxb4 56.Rxg6 Nc6 57.h5 Ne5
58.Ra6 Kb7 59.Rd6 Kc7 60.Ra6 Kb7 61.Rd6 Kc7 62.Ra6  1/2-1/2

[Event "Turkish Bank Chess League 2012"]
[Site "Konya TUR"]
[Date "2012.07.19"]
[Round "10"]
[White "Sahin,Gizem"]
[Black "Mutlu,Beste"]
[Result "1/2-1/2"]
[WhiteElo "1578"]
[BlackElo "1640"]

1.e4 d5 2.exd5 Qxd5 3.Nc3 Qd6 4.Nf3 c6 5.Be2 Bg4 6.O-O Nf6 7.h3 Bh5 8.Re1 Nbd7
9.d3 e6 10.Be3 Qc7 11.Nh4 Bxe2 12.Qxe2 O-O-O 13.Nf3 h6 14.a3 g5 15.b4 g4
16.hxg4 Nxg4 17.g3 Bg7 18.Bd2 h5 19.Bf4 e5 20.Bg5 Rdg8 21.Ra2 f5 22.Nh4 Bf8
23.Qd2 f4 24.Ne4 Bh6 25.Bxh6 Rxh6 26.Nf5 Rh7 27.Ned6+ Kb8 28.gxf4 Ne3+ 29.Kh1 Nxf5
30.Nxf5 Rf8 31.Nh4 Rxf4 32.Re4 Rf8 33.Qe3 Re8 34.f4 Rhe7 35.Nf5 Rf7 36.Nh6 Rh7
37.fxe5 Re6 38.Nf5 Rxe5 39.d4 Rxe4 40.Qxe4 Rh8 41.c4 Nf6 42.Qh4 Qd8 43.Qf4+ Qc7
44.Qxc7+ Kxc7 45.Re2 Rh7 46.Kh2 Ng4+ 47.Kh3 Rf7  1/2-1/2

[Event "XXI TCh-MKD 2012"]
[Site "Struga MKD"]
[Date "2012.07.19"]
[Round "4.5"]
[White "Gochev,M"]
[Black "Dinev,De"]
[Result "1-0"]
[WhiteElo "2252"]
[BlackElo "2354"]

1.e4 d5 2.exd5 Qxd5 3.Nc3 Qd6 4.d4 Nf6 5.Nf3 c6 6.Ne5 Nbd7 7.f4 Nb6 8.g4 Nbd5
9.Bg2 Nxc3 10.bxc3 Nd7 11.Nc4 Qc7 12.O-O Nb6 13.Ne5 f6 14.Nd3 f5 15.g5 g6
16.Re1 e6 17.a4 a5 18.Nc5 Kf7 19.Qe2 Bxc5 20.dxc5 Nd5 21.Qf2 h6 22.c4 Ne7
23.Bb2 Rh7 24.Rad1 Ng8 25.h4 hxg5 26.hxg5 Ke8 27.Be5 Qf7 28.Rd6 Bd7 29.Rb1  1-0

[Event "ch-NED w 2012"]
[Site "Amsterdam NED"]
[Date "2012.07.20"]
[Round "5"]
[White "Haast,A"]
[Black "Peng Zhaoqin"]
[Result "1/2-1/2"]
[WhiteElo "2255"]
[BlackElo "2414"]

1.e4 d5 2.exd5 Qxd5 3.Nc3 Qd8 4.d4 Nf6 5.Nf3 Bg4 6.Be3 e6 7.h3 Bxf3 8.Qxf3 c6
9.Be2 Nbd7 10.O-O Be7 11.Rfd1 O-O 12.Ne4 Nd5 13.c4 Nxe3 14.Qxe3 Qc7 15.Rac1 Nf6
16.d5 Nxe4 17.Qxe4 exd5 18.cxd5 c5 19.b4 Rad8 20.bxc5 Bxc5 21.Qc2 b6 22.Bd3 g6
23.Bb5 Qe5 24.Bc6 Rd6 25.Re1 Qg5 26.Qe4 Qd2 27.Qe2 Qf4 28.Rc2 Rf6 29.Rd1 Qh4
30.Qe1 Rd8 31.Rd3 Rf5 32.g3 Qf6 33.Kg2 h5 34.h4 Kg7 35.Qc3 Re5 36.Rf3 Qd6
37.Re2 f6 38.Rxf6 Qxf6 39.Qxe5 Qxe5 40.Rxe5 Kf6 41.f4 a6 42.a4 Kf7 43.Kf3 Rb8
44.f5 gxf5 45.Rxf5+ Kg6 46.Re5 b5 47.Re8 Rxe8 48.Bxe8+ Kh6 49.axb5 axb5 50.Bxb5 Bd6
51.Be8 Bc7 52.Kg2 Bd6 53.Kh3 Bc7 54.Bf7 Bd6 55.Bxh5 Kxh5 56.g4+ Kg6 57.Kg2 Kf6
58.h5 Ke5 59.h6 Be7 60.h7 Bf6 61.g5 Bg7 62.Kf3 Kxd5 63.Kg4  1/2-1/2

[Event "Turkish Bank Chess League 2012"]
[Site "Konya TUR"]
[Date "2012.07.20"]
[Round "11"]
[White "Ersoz,B"]
[Black "Ererdem,G"]
[Result "0-1"]
[WhiteElo "1943"]
[BlackElo "1963"]

1.e4 d5 2.exd5 Qxd5 3.Nc3 Qd6 4.Nf3 Nf6 5.d4 Nc6 6.Ne5 a6 7.Nxc6 Qxc6 8.Bf4 e6
9.Qe2 Bb4 10.Bd2 O-O 11.O-O-O b5 12.h4 Rb8 13.h5 Bxc3 14.Bxc3 b4 15.Be1 Nd5
16.Qf3 a5 17.Rh3 Ba6 18.Bxa6 Qxa6 19.Qe4 a4 20.Rg3 b3 21.axb3 axb3 22.cxb3 Rfc8
23.Kc2 Qc6+ 24.Kd2 Qd6 25.Ke2 Nf4+ 26.Kd2 Rb5 27.Kc2 f5 28.Qe3 Nxh5 29.Qe2 Nxg3
30.Qxb5 Ne4 31.d5 e5 32.Qb7 Rd8 33.b4 Nf6 34.Bc3  0-1

[Event "27th Avoine Open"]
[Site "Avoine FRA"]
[Date "2012.07.21"]
[Round "1.41"]
[White "Gesing,O"]
[Black "Gallois,J"]
[Result "1-0"]
[WhiteElo "2165"]
[BlackElo "1972"]

1.e4 d5 2.exd5 Qxd5 3.Nc3 Qd6 4.Nf3 Nf6 5.d4 a6 6.h3 Nbd7 7.Bc4 b5 8.Bb3 Bb7
9.Be3 e6 10.O-O c5 11.dxc5 Qxd1 12.Rfxd1 Nxc5 13.Ne5 Nxb3 14.axb3 Rc8 15.Bb6 Be7
16.Rd4 Bc5 17.Bxc5 Rxc5 18.Nd3 Rc8 19.Nb4 Ke7 20.f3 Ra8 21.Ra5 Rhc8 22.Kf2 Nd7
23.Ne4 Bxe4 24.Rxe4 Nc5 25.Re1 Nb7 26.Raa1 Kf6 27.Re2 a5 28.Nd3 b4 29.Ne5 Nc5
30.Nc4  1-0

[Event "Turkish Bank Chess League 2012"]
[Site "Konya TUR"]
[Date "2012.07.21"]
[Round "12"]
[White "Yigit,A"]
[Black "Mutlu,Beste"]
[Result "1-0"]
[WhiteElo "1736"]
[BlackElo "1640"]

1.e4 d5 2.exd5 Qxd5 3.Nc3 Qd6 4.d4 c6 5.Nf3 Bg4 6.Be3 Nf6 7.h3 Bh5 8.g4 Bg6
9.Ne5 Nd5 10.Nxd5 Qxd5 11.Rg1 Nd7 12.Nxg6 hxg6 13.Qd2 Nb6 14.b3 O-O-O 15.c4 Qd7
16.O-O-O e6 17.Qa5 Kb8 18.Bg2 Qc7 19.Kb1 Nc8 20.Qxc7+ Kxc7 21.d5 exd5 22.cxd5 cxd5
23.Rxd5 Rxd5 24.Bxd5 f6 25.Rc1+ Kb8 26.Bf4+ Nd6 27.Re1 Kc8 28.Re3 g5 29.Bh2 b6
30.Kc2 Kd8 31.Rd3 Kd7 32.Re3 Be7 33.Be6+ Ke8 34.Kd3 Nf7 35.f4 gxf4 36.Bxf7+ Kxf7
37.Bxf4 Bc5 38.Rf3 Rd8+ 39.Kc3 Rd1 40.Rd3 Rxd3+ 41.Kxd3 Ke6 42.Ke4 Bf2 43.Bb8 a6
44.Ba7 Bc5 45.h4 a5 46.a4 Bf2 47.h5 Bc5 48.Bb8 Bb4 49.Bf4 Be7 50.Be3 Bd8
51.Bd4 Bc7 52.Be3 Bd8 53.Bf4 Be7 54.Bc1 Bd6 55.Be3 Bc7 56.Bf4 Bd8 57.Kd4 Be7
58.Kc4 Bc5 59.Kb5 Kd7 60.Bd2 Kd6 61.Bf4+ Kd7 62.Bd2 Kd6 63.b4 axb4 64.Bxb4 Bxb4
65.Kxb4 Kc6 66.Kc4 Kd6 67.Kd4 Ke6 68.Ke4 Ke7 69.Kf5 Kf7 70.Ke4 Ke6 71.Kf4 Ke7
72.g5 fxg5+ 73.Kxg5 Kf7 74.Kf5 Ke7 75.Ke5 Kd7 76.Kd5 Kc7 77.Ke6 Kc6 78.Kf7 Kc5
79.Kxg7 Kb4 80.h6 Kxa4 81.h7 b5 82.h8=Q b4 83.Qa8+ Kb3 84.Qf3+ Kc2 85.Qe2+ Kb3
86.Qd1+ Kb2 87.Qd2+ Ka3 88.Qc2 b3 89.Qb1 b2 90.Kf6 Kb3 91.Ke5 Kc3 92.Ke4 Kb3
93.Kd3  1-0

[Event "5th Paleochora Open"]
[Site "Paleochora GRE"]
[Date "2012.07.21"]
[Round "7.29"]
[White "Sgnaolin,D"]
[Black "Gouloutis,N"]
[Result "0-1"]
[WhiteElo "2258"]
[BlackElo "1844"]

1.e4 d5 2.exd5 Qxd5 3.Nc3 Qd6 4.d4 Nf6 5.Nf3 a6 6.g3 Bg4 7.Bg2 Nc6 8.O-O O-O-O
9.Bf4 Qb4 10.a3 Qc4 11.d5 Nxd5 12.Nxd5 Rxd5 13.Nd2 Bxd1 14.Nxc4 Rc5 15.Bxc6 bxc6
16.Rfxd1 Rxc4 17.Rd2 e6 18.Rad1 Bd6 19.Bxd6 cxd6 20.b3 Rc3 21.Rxd6 Rxc2 22.Rd7 Rc1
23.Rxc1 Kxd7 24.Rc5 Rb8 25.Ra5 Rb6 26.b4 Kc7 27.Kf1 Kb7 28.Rh5 h6 29.Ke2 Rb5
30.Rh4 Rd5 31.Rf4 f6 32.h4 Kb6 33.Rg4 g5 34.hxg5 hxg5 35.Re4 e5 36.a4 Rd4
37.Rxd4 exd4 38.Kd3 c5 39.Kc4 cxb4 40.Kxb4 d3 41.Kc3 Kc5  0-1

[Event "23rd Czech Open A"]
[Site "Pardubice CZE"]
[Date "2012.07.21"]
[Round "2.60"]
[White "Didenko,Sergei"]
[Black "Kasparov,S"]
[Result "0-1"]
[WhiteElo "2233"]
[BlackElo "2493"]

1.e4 d5 2.exd5 Qxd5 3.Nc3 Qd6 4.d4 Nf6 5.Nf3 c6 6.Ne5 Nbd7 7.f4 Nb6 8.g4 g6
9.Bg2 Nbd5 10.g5 Nxc3 11.bxc3 Nd7 12.Nc4 Qc7 13.O-O Nb6 14.Ne5 Bg7 15.c4 Bxe5
16.fxe5 Nxc4 17.Rxf7 Kxf7 18.Qf1+ Bf5 19.e6+ Kg7 20.Qxc4 Rhd8 21.Rb1 Rac8
22.Rb3 Kg8 23.Bb2 b6 24.Qe2 Qf4 25.Rb4 c5 26.Rc4 cxd4  0-1

[Event "23rd Czech Open A"]
[Site "Pardubice CZE"]
[Date "2012.07.22"]
[Round "3.75"]
[White "Reinhart,E"]
[Black "Baraeva,I"]
[Result "1/2-1/2"]
[WhiteElo "2347"]
[BlackElo "2151"]

1.e4 d5 2.exd5 Qxd5 3.Nc3 Qd6 4.d4 Nf6 5.Nf3 c6 6.Be3 Bf5 7.Ne5 Nbd7 8.f4 Nb6
9.g4 Nfd5 10.Nxd5 Nxd5 11.Nc4 Qe6 12.gxf5 Qe4 13.Qd3 Qxh1 14.O-O-O Qxh2 15.Qb3 Rb8
16.Bd2 e6 17.fxe6 fxe6 18.Re1 Be7 19.Ne5 O-O 20.Bd3 Nxf4 21.Bxf4 Qxf4+ 22.Kb1 Bh4
23.Qxe6+ Kh8 24.Rh1 Rf6 25.Qh3 Qxd4 26.Nd7 Re8 27.c3 Qf2 28.Nxf6 Re1+ 29.Rxe1 Qxe1+
30.Kc2 Qf2+ 31.Kb3 Qxf6 32.Qg4 g6 33.Bc4 Qe7 34.a4 Bf6 35.a5 Kg7 36.Qc8 Be5
37.a6 b5 38.Bd3 Qc7 39.Qe8 Qf7+ 40.Qxf7+ Kxf7 41.Be4 c5 42.Bc6 b4 43.cxb4 cxb4
44.Kxb4 Bxb2 45.Kc4 Kf6 46.Kd3 h5 47.Ke4 Ba3 48.Bb5 Bc5 49.Ba4 Kg5 50.Be8 Bb6
51.Kf3 Kh6 52.Ke4 g5 53.Kf5 Bc7 54.Bf7 g4 55.Be8 Bd6 56.Bf7 g3 57.Bd5 Be7
58.Kf4 h4 59.Kg4 Kg6  1/2-1/2

[Event "30th Andorra Open"]
[Site "Andorra la Vella AND"]
[Date "2012.07.23"]
[Round "3.13"]
[White "Castro,Jose VEN"]
[Black "Alonso Rosell,A"]
[Result "0-1"]
[WhiteElo "2252"]
[BlackElo "2502"]

1.e4 d5 2.exd5 Qxd5 3.Nc3 Qd6 4.g3 g6 5.Bg2 Bg7 6.Nf3 Nf6 7.O-O O-O 8.d4 c6
9.Bf4 Qb4 10.Qc1 Nd5 11.a3 Qb6 12.Nxd5 cxd5 13.Bxb8 Rxb8 14.Re1 Qd6 15.Qe3 Bf5
16.Qxe7 Qxe7 17.Rxe7 Bxc2 18.Ne5 Be4 19.f3 Bf6 20.Rd7 Bf5 21.Rxd5 Be6 22.Ra5 Bd8
23.Rb5 Bb6 24.Rd1 Rfd8 25.Rxb6 axb6 26.f4 f6 27.Nf3 Rbc8 28.Ne1 Rc7 29.Kf2 Bb3
30.Rd3 Bd5 31.Bf1 Rc1 32.Rd2 Be4 33.Bg2 Re8 34.Re2 f5 35.Nd3 Rd1 36.Bxe4 Rxe4
37.Rxe4 fxe4 38.Ne5 Rd2+ 39.Ke3 Rxh2 40.d5 Rxb2 41.d6 Kf8 42.Kxe4 Rd2 43.Nc4 Rd1
44.a4 Kf7 45.Ke5 Re1+ 46.Kd5 Rd1+ 47.Ke5 Rg1 48.Nxb6 Rxg3 49.Nd7 Ra3 50.Nc5 b6
51.Ne4 Re3  0-1

[Event "ch-AUT 2012"]
[Site "Zwettl AUT"]
[Date "2012.07.24"]
[Round "4.18"]
[White "Schweitzer,W"]
[Black "Kreindl,H"]
[Result "1/2-1/2"]
[WhiteElo "2045"]
[BlackElo "2205"]

1.e4 d5 2.exd5 Qxd5 3.Nc3 Qd6 4.d4 Nf6 5.Nf3 c6 6.Ne5 Nbd7 7.Nc4 Qc7 8.a4 g6
9.Qf3 Nb6 10.Ne5 Be6 11.Bf4 Qc8 12.a5 Nbd5 13.Nxd5 Nxd5 14.Bd2 f6 15.Nd3 Bg4
16.Qg3 Qe6+ 17.Be3 Bh6 18.Nc5 Nxe3 19.fxe3 Qxe3+ 20.Qxe3 Bxe3 21.c3 e5 22.h3 Bc8
23.Nb3 exd4 24.Nxd4 Bxd4 25.cxd4 Be6 26.Kd2 O-O-O 27.Kc3 Rd6 28.Bc4 Bxc4
29.Kxc4 Rhd8 30.Rhd1 Kc7 31.b4 Rd5 32.Rd3 Re8 33.g4 f5 34.Rf1 Re4 35.gxf5 gxf5
36.Rg1 Rd7 37.Rg5 Rf4 38.Rh5 b6 39.axb6+ axb6 40.Rh6 Rf7 41.Kc3 b5 42.Re3 Rd7
43.Rd3 Rf1 44.Kc2 f4 45.Rc3 Rxd4 46.Rcxc6+ Kd8 47.Rb6 Rf2+ 48.Kc3 Rfd2 49.Rxb5 R4d3+
50.Kc4 Rd4+ 51.Kc3  1/2-1/2

[Event "ch-AUT 2012"]
[Site "Zwettl AUT"]
[Date "2012.07.24"]
[Round "4.27"]
[White "Meier,Al"]
[Black "Fruehauf,N"]
[Result "1/2-1/2"]
[WhiteElo "2171"]
[BlackElo "2082"]

1.e4 d5 2.exd5 Qxd5 3.Nc3 Qd6 4.g3 Nf6 5.Bg2 Bg4 6.Nge2 c6 7.d4 e6 8.O-O Be7
9.Bf4 Qd8 10.h3 Bh5 11.Qd2 O-O 12.a3 Nbd7 13.g4 Bg6 14.Bh2 Nb6 15.Kh1 Nc4
16.Qc1 Qd7 17.b3 Nd6 18.Nf4 Rad8 19.Nxg6 hxg6 20.Ne2 Nc8 21.c4 Bd6 22.Bxd6 Qxd6
23.Qe3 Rfe8 24.f4 Nd7 25.a4 b6 26.Rad1 c5 27.Nc3 Ne7 28.Ne4 Qc7 29.d5 exd5
30.cxd5 Nc8 31.Qd2 Nd6 32.Nc3 Nf6 33.Rfe1 Re7 34.Re5 Rde8 35.Rde1 Qd8 36.R1e3 Nd7
37.Rxe7 Rxe7 38.Kg1 Rxe3 39.Qxe3 Kf8 40.Kf1 Qe7 41.Nd1 Qf6 42.Nc3 g5 43.f5 Qe7
44.Ke2 Qxe3+ 45.Kxe3 Ke7 46.Bf1 Kf6 47.Bc4 Ke5 48.Kf3 Nf6 49.Ke3 Nfe4 50.Ne2 Kf6
51.Bd3 Ke5  1/2-1/2

[Event "27th Avoine Open"]
[Site "Avoine FRA"]
[Date "2012.07.25"]
[Round "5.16"]
[White "Gomard,Jonathan"]
[Black "Gerard,N"]
[Result "0-1"]
[WhiteElo "1775"]
[BlackElo "2279"]

1.e4 d5 2.exd5 Qxd5 3.Nc3 Qd6 4.d4 Nf6 5.Bc4 a6 6.h3 b5 7.Bb3 Bb7 8.Nf3 c5
9.dxc5 Qxd1+ 10.Kxd1 e6 11.Be3 Nbd7 12.Ke2 Nxc5 13.Bxc5 Bxc5 14.a4 b4 15.Nd1 Nd5
16.Bxd5 Bxd5 17.Ne3 Bb7 18.Rad1 a5 19.Ne1 Ke7 20.f3 Rac8 21.Rd2 Ba6+ 22.Nd3 Rc7
23.Re1 Bd4 24.Kd1 Rd8 25.Nf5+ Kf6 26.Nxd4 Rxd4 27.Nf2 Rcd7 28.Rxd4 Rxd4+
29.Kc1 h5 30.Rd1 Rxd1+ 31.Nxd1 Ke5 32.Kd2 Kf4 33.Ne3 f5 34.b3 Kg3 35.Nc4 Kxg2
36.Ke3 g5 37.Nxa5 f4+  0-1